Compendio de derecho civil Tomo I (parte general)

Bibliographic Details
Main Author: O'Callaghan Muǫz, Xavier
Format: Unknown
Language:Spanish
Published: Madrid : Edersa, 2004
Subjects:
Online Access:Acceso restringido

MARC

LEADER 00000ny a22000003n 4500
005 20110622121019.0
008 080407s2004 sp f 000 0 spa d
020 |a 9788495748928 
035 |a 402 
040 |a BUS  |d vLex 
080 |a 347.41/.43(460)(075.8) 
090 |c 1243  |d 1243 
100 1 |a O'Callaghan Muǫz, Xavier 
245 1 0 |a Compendio de derecho civil  |h [Recurso electrn̤ico]  |c Xavier O'Callaghan  |p Tomo I (parte general) 
256 |a Servicio en ln̕ea 
260 |a Madrid :  |b Edersa,  |c 2004 
505 |a t.2, v.1. Obligaciones y Contratos - t.2, v.2. Obligaciones y Contratos - v.3. Derechos reales e hipotecario - v.4. Derecho de familia - v.5. Derecho de sucesiones 
506 1 |a Contenido solo disponible en los productos indicados  |d vLex Global  |d vLex Global (Academic Edition, excluding Law Schools)  |d vLex Global (U.S. Academic Edition, Law Schools)  |d vLex Global (U.S. Academic Edition, excluding Law Schools)  |d vLex Global (Academic Edition, Law Schools) 
650 |a Civil 
740 0 2 |a vLex Libros (Servicios en ln̕ea) 
856 4 0 |z Acceso restringido  |u http://vlex.com/source/compendio-derecho-civil-402 
942 |c BOOK